000
00255nam a2200097Ia 4500
001
659930
005
20250826160104.0
008
250824s9999 xx 000 0 und d
245
0
_a
UÇURTMAM BULUTLARDAN YÜCE
_c
MEHMET GÜLER
260
_b
YAPI KREDİ YAYINLARI
999
_c
659930
_d
659930